000 00995nam a22002657a 4500
001 BR8007509
003 BR-BrBNA
005 20230928090849.0
007 ta
008 230509b bl.||||| |||| 00| 0 por d
040 _aBR-BrBNA
_bpor
_cBiblioteca Nacional de Agricultura
041 _a(Por)
072 _aH10
_b4020
_b/G514
090 _ 4020 BR8007509
110 1 _aAssociacao de Credito e Assistencia Rural do Estado de Santa Catarina, Florianopolis (Brasil);
_9468
110 1 _aCompanhia Integrada de Desenvolvimento Agricola de Santa Catarina, Florianopolis (Brasil)
245 1 _aAvaliacao da campanha controle a sauva 1980 [Santa Catarina, Brasil]
260 3 _aFlorianopolis, SC (Brasil):
_c1980.
300 _a15 p.
500 _a15 tables. (*) Documento disponível na(o) Associacao de Credito e Assistencia Rural do Estado de Santa Catarina, Florianopolis (Brazil)
650 _aSAUVA
650 _aSANTA CATARINA
909 _a202309
_bLucia
_c55
_dLucia Elande
942 _cBK
999 _c30968
_d30968